[Event "Open Ricany 2012"]
[Site "http://www.openricany.cz/"]
[Date "2012.08.26"]
[Round "1.1"]
[White "Kulhanek, Tomas"]
[Black "Plasek, Zdenek"]
[Result "1-0"]
[WhiteElo "2399"]
[BlackElo "1983"]
[PlyCount "67"]
[EventDate "2012.??.??"]

1. e4 c5 2. Nc3 Nc6 3. g3 g6 4. Bg2 Bg7 5. d3 d6 6. Nh3 e6 7. O-O Rb8 8. a4 a6
9. f4 Nge7 10. Nf2 b5 11. axb5 axb5 12. g4 f5 13. exf5 exf5 14. g5 O-O 15. Re1
Bd7 16. Nd5 Nxd5 17. Bxd5+ Kh8 18. c3 Qc7 19. Be3 Ne7 20. Bf3 Bc6 21. d4 Ra8
22. Rxa8 Bxa8 23. d5 Bb7 24. Qd2 Kg8 25. Bxc5 Qxc5 26. Rxe7 Rf7 27. Re6 Bc8 28.
Re8+ Rf8 29. Qe2 Bd7 30. Re7 Bc8 31. Kg2 h6 32. Nd3 Qc4 33. Ra7 Rf7 34. Qe8+
1-0

[Event "Open Ricany 2012"]
[Site "http://www.openricany.cz/"]
[Date "2012.08.26"]
[Round "1.2"]
[White "Franek, Jan"]
[Black "Sodoma, Jan"]
[Result "1/2-1/2"]
[WhiteElo "1979"]
[BlackElo "2386"]
[PlyCount "40"]
[EventDate "2012.??.??"]

1. e4 e5 2. Nf3 Nc6 3. Bb5 a6 4. Ba4 Nf6 5. d4 exd4 6. O-O Be7 7. Re1 b5 8. e5
Nxe5 9. Rxe5 bxa4 10. Nxd4 O-O 11. Nf5 Re8 12. Bg5 d6 13. Nxe7+ Rxe7 14. Bxf6
gxf6 15. Rh5 Rb8 16. Nc3 Re5 17. Rh4 a3 18. b3 Bf5 19. f4 Re3 20. Qd4 Qe7
1/2-1/2

[Event "Open Ricany 2012"]
[Site "http://www.openricany.cz/"]
[Date "2012.08.26"]
[Round "1.3"]
[White "Juptner, Jan"]
[Black "Alfimov, Igor"]
[Result "1-0"]
[WhiteElo "2378"]
[BlackElo "1969"]
[PlyCount "71"]
[EventDate "2012.??.??"]

1. d4 Nf6 2. c4 g6 3. Nc3 d5 4. cxd5 Nxd5 5. e4 Nxc3 6. bxc3 Bg7 7. Bc4 O-O 8.
Ne2 c5 9. Be3 Nc6 10. Rc1 Qc7 11. O-O b6 12. Qa4 Bb7 13. Rfd1 Na5 14. Bd3 c4
15. Bb1 e6 16. Qc2 Rad8 17. Qd2 Bh8 18. Bh6 Rfe8 19. Qg5 f6 20. Qh4 Qf7 21. Qg3
Bg7 22. Bxg7 Kxg7 23. Nf4 e5 24. dxe5 Rxd1+ 25. Rxd1 Rxe5 26. h4 Bxe4 27. Bxe4
Rxe4 28. Rd6 Re5 29. Qg4 Rf5 (29... f5) 30. Ne6+ Kh6 31. Qd4 Re5 32. Qf4+ g5
33. Nxg5 Qe7 34. Rxf6+ Kh5 35. g4+ Kxh4 36. Rh6# 1-0

[Event "Open Ricany 2012"]
[Site "http://www.openricany.cz/"]
[Date "2012.08.26"]
[Round "1.4"]
[White "Fencl, Pavel"]
[Black "Vesselovsky, Serguei"]
[Result "0-1"]
[WhiteElo "1960"]
[BlackElo "2360"]
[PlyCount "75"]
[EventDate "2012.??.??"]

1. c4 g6 2. Nc3 Bg7 3. g3 c5 4. Bg2 Nc6 5. e4 d6 6. Nge2 Nf6 7. d3 O-O 8. O-O
Ne8 9. f4 f5 10. h3 Nc7 11. Nd5 Rb8 12. Nec3 Nd4 13. a4 e6 14. Nxc7 Qxc7 15.
Nb5 Nxb5 16. axb5 a6 17. Qb3 axb5 18. Qxb5 Bd7 19. Qa5 Qxa5 20. Rxa5 Bc6 21.
exf5 Bd4+ 22. Kh2 exf5 23. b3 Ra8 24. Bd2 Rxa5 25. Bxa5 Ra8 26. Bxc6 bxc6 27.
Bc7 Ra2+ 28. Kh1 d5 29. Re1 Rd2 30. cxd5 cxd5 31. Re8+ Kf7 32. Rd8 Rxd3 33.
Rxd5 Rxb3 34. Kg2 Rb2+ 35. Kh1 Ke6 36. Rd6+ Ke7 37. Rd5 Rb7 38. Be5 0-1

[Event "Open Ricany 2012"]
[Site "http://www.openricany.cz/"]
[Date "2012.08.26"]
[Round "1.5"]
[White "Vojta, Tomas"]
[Black "Prochazka, Petr"]
[Result "1-0"]
[WhiteElo "2345"]
[BlackElo "1965"]
[PlyCount "51"]
[EventDate "2012.??.??"]

1. Nc3 e5 2. e4 Nc6 3. f4 exf4 4. Nf3 Nge7 5. d4 d5 6. Bxf4 dxe4 7. Nxe4 Nd5 8.
Bg3 Bf5 9. Bd3 Bb4+ 10. Kf2 O-O 11. c3 Re8 12. Re1 Bf8 13. Qd2 Bg6 14. Kg1 Qd7
15. Rad1 Rad8 16. Bh4 f6 17. a3 Kh8 18. c4 Nb6 19. Nxf6 Rxe1+ 20. Rxe1 Qf7 21.
Nd5 Rd7 22. Ng5 Qg8 23. Bxg6 hxg6 24. Qf4 Bd6 25. Qg4 Rd8 26. Bg3 1-0

[Event "Open Ricany 2012"]
[Site "http://www.openricany.cz/"]
[Date "2012.08.26"]
[Round "1.6"]
[White "Vlcek, Marek"]
[Black "Rehorek, Martin"]
[Result "1/2-1/2"]
[WhiteElo "1927"]
[BlackElo "2310"]
[PlyCount "70"]
[EventDate "2012.??.??"]

1. d4 Nf6 2. Nf3 e6 3. e3 b6 4. Bd3 Bb7 5. Nbd2 c5 6. O-O Nc6 7. c3 Be7 8. Qe2
cxd4 9. exd4 Qc7 10. Ne5 d6 11. Ng4 d5 12. Nxf6+ Bxf6 13. Nf3 h6 14. Re1 g5 15.
Ne5 Bxe5 16. dxe5 O-O-O 17. b4 Kb8 18. a4 d4 19. b5 Na5 20. cxd4 Nb3 21. Rb1
Nxd4 22. Qe3 Nc2 23. Bxc2 Qxc2 24. Ba3 Rd3 25. Bd6+ Ka8 26. Rec1 Qxb1 27. Rxb1
Rxe3 28. fxe3 Rc8 29. Rf1 a6 30. Rxf7 axb5 31. axb5 Rc1+ 32. Kf2 Rc2+ 33. Ke1
Bxg2 34. Rf8+ Kb7 35. Rf7+ Ka8 1/2-1/2

[Event "Open Ricany 2012"]
[Site "http://www.openricany.cz/"]
[Date "2012.08.26"]
[Round "1.7"]
[White "Gregor, Jiri"]
[Black "Vlcek, Vilem"]
[Result "1-0"]
[WhiteElo "2291"]
[BlackElo "1461"]
[PlyCount "63"]
[EventDate "2012.??.??"]

1. d4 Nf6 2. c4 g6 3. Nc3 d5 4. Bg5 Ne4 5. Bh4 Bg7 6. e3 Nxc3 7. bxc3 c5 8. Nf3
Qa5 9. Qb3 cxd4 10. exd4 e6 11. Bd3 Nc6 12. O-O O-O 13. a4 dxc4 14. Bxc4 Qc7
15. Bg3 Qe7 16. a5 g5 17. h3 h5 18. Rfe1 Qf6 19. Qb5 h4 20. Bh2 Bh6 21. a6 Rb8
22. Bxb8 Nxb8 23. axb7 Bd7 24. Qe5 Qd8 25. d5 Re8 26. Rxa7 exd5 27. Qxd5 Rxe1+
28. Nxe1 Qe8 29. Qxf7+ Qxf7 30. Bxf7+ Kxf7 31. Ra8 Nc6 32. Rc8 1-0

[Event "Open Ricany 2012"]
[Site "http://www.openricany.cz/"]
[Date "2012.08.26"]
[Round "1.9"]
[White "Chudinovskikh, Alexander M"]
[Black "Petrun, Milan"]
[Result "1-0"]
[WhiteElo "2248"]
[BlackElo "1925"]
[PlyCount "76"]
[EventDate "2012.??.??"]

1. d4 Nf6 2. Nf3 g6 3. Bg5 Bg7 4. Nbd2 h6 5. Bh4 d6 6. e4 Nbd7 7. Bd3 O-O 8. c3
e5 9. O-O Re8 10. Re1 c6 11. a4 Nf8 12. a5 Qc7 13. h3 Ne6 14. dxe5 dxe5 15. Nc4
Nh5 16. Bf1 Nef4 17. Qd6 Ne6 18. Qxc7 Nxc7 19. Nd6 Re6 20. Bd8 Ne8 21. Nxc8
Rxc8 22. Rad1 Nhf6 23. Bc4 Rd6 24. Be7 Rxd1 25. Rxd1 Nxe4 26. Rd7 Rc7 27. Rxc7
Nxc7 28. Bd3 Nd5 29. Ba3 Ng5 30. Nxg5 hxg5 31. a6 b6 32. Bd6 b5 33. Bb8 f6 34.
Be4 Kf7 35. Bxd5+ cxd5 36. Bxa7 Ke6 37. Bb6 Kd7 38. a7 Kc6 1-0

[Event "Open Ricany 2012"]
[Site "http://www.openricany.cz/"]
[Date "2012.08.26"]
[Round "1.10"]
[White "Pycha, Patrik"]
[Black "Haba, Zdenek"]
[Result "1/2-1/2"]
[WhiteElo "1925"]
[BlackElo "2236"]
[PlyCount "68"]
[EventDate "2012.??.??"]

1. e4 c5 2. Nf3 d6 3. d4 cxd4 4. Nxd4 Nf6 5. Nc3 a6 6. Be3 g6 7. f3 Bg7 8. Qd2
Nbd7 9. O-O-O b5 10. g4 Bb7 11. h4 Rc8 12. h5 Qa5 13. Kb1 Ne5 14. h6 Bf8 15. g5
b4 16. Nce2 Nc4 17. Qc1 Nd7 18. Nb3 Qc7 19. c3 Nxe3 20. Qxe3 bxc3 21. Nxc3 e6
22. Be2 Be7 23. Qd4 e5 24. Qd2 O-O 25. Rc1 Qd8 26. Rhg1 f5 27. Nd5 Rxc1+ 28.
Nxc1 fxe4 29. fxe4 Nc5 30. Bc4 Kh8 31. Qe3 Ne6 32. Nxe7 Qxe7 33. Ne2 Nc5 34.
Nc3 Rf4 1/2-1/2

[Event "Open Ricany 2012"]
[Site "http://www.openricany.cz/"]
[Date "2012.08.26"]
[Round "1.11"]
[White "Kozak, Milos"]
[Black "Krejci, Martin"]
[Result "1-0"]
[WhiteElo "2195"]
[BlackElo "1923"]
[PlyCount "85"]
[EventDate "2012.??.??"]

1. d4 Nf6 2. c4 g6 3. g3 Bg7 4. Bg2 d5 5. cxd5 Nxd5 6. Nf3 O-O 7. O-O c6 8. e4
Nb6 9. h3 N8d7 10. Nc3 Re8 11. Bf4 Nf8 12. Be5 Bh6 13. g4 Nc4 14. Bg3 Bg7 15.
Qe2 b5 16. Rfd1 Ba6 17. b3 Nb6 18. Rac1 Qc8 19. Qe3 Nfd7 20. Nd5 e5 21. dxe5
Qb7 22. Nb4 Rac8 23. Nd3 Bf8 24. Nfe1 c5 25. f4 c4 26. Nf2 Bc5 27. Qf3 b4 28.
Kh2 c3 29. Rc2 Red8 30. Bh4 Re8 31. Ned3 Bb5 32. Nxc5 Nxc5 33. Bf6 Bc6 34. Qe3
Ncd7 35. g5 Nxf6 36. gxf6 h5 37. Bf3 Kh7 38. Rg1 Rg8 39. Rg5 Kh6 40. Nh1 Nd7
41. Rcg2 Qb6 42. Qe1 Nc5 43. Qh4 1-0

[Event "Open Ricany 2012"]
[Site "http://www.openricany.cz/"]
[Date "2012.08.26"]
[Round "1.13"]
[White "Cerny, Martin"]
[Black "Plchot, Miroslav"]
[Result "1-0"]
[WhiteElo "2185"]
[BlackElo "1914"]
[PlyCount "91"]
[EventDate "2012.??.??"]

1. d4 Nf6 2. c4 e5 3. dxe5 Ng4 4. Nf3 Bc5 5. e3 Nc6 6. Be2 O-O 7. O-O Re8 8.
Nc3 Ngxe5 9. Ne4 Bf8 10. Ng3 Nxf3+ 11. Bxf3 Ne5 12. b3 Qf6 13. Rb1 Nxf3+ 14.
Qxf3 Qxf3 15. gxf3 b6 16. Rd1 d6 17. Bb2 a5 18. Kf1 Bb7 19. Ke2 d5 20. cxd5
Ba6+ 21. Kd2 Rad8 22. Kc2 h5 23. Nxh5 Be2 24. Rg1 Bd3+ 25. Kxd3 Rxd5+ 26. Ke2
Rxh5 27. Rbc1 g6 28. Rxc7 Bc5 29. Rd1 Rxh2 30. Bd4 Bd6 31. Rd7 Bg3 32. e4 b5
33. Be3 Kg7 34. Rb7 Rc8 35. Rdd7 Bxf2 36. Rxf7+ Kg8 37. Rg7+ Kf8 38. Rbf7+ Ke8
39. Bxf2 Rc2+ 40. Ke3 Rhxf2 41. Ra7 Rfe2+ 42. Kf4 g5+ 43. Rxg5 Kf8 44. Rxb5 Rc8
45. Rbxa5 Rf2 46. Ra8 1-0

[Event "Open Ricany 2012"]
[Site "http://www.openricany.cz/"]
[Date "2012.08.26"]
[Round "1.15"]
[White "Sedy, Pavel"]
[Black "Konvalinka, Vladislav"]
[Result "1/2-1/2"]
[WhiteElo "2155"]
[BlackElo "1908"]
[PlyCount "117"]
[EventDate "2012.??.??"]

1. e4 e6 2. d4 d5 3. Nc3 Nf6 4. Bg5 Be7 5. e5 Nfd7 6. Bxe7 Qxe7 7. Qg4 g6 8.
O-O-O Nc6 9. h4 h5 10. Qf4 Nb6 11. g4 hxg4 12. Qxg4 Bd7 13. Nf3 O-O-O 14. h5
gxh5 15. Rxh5 Rxh5 16. Qxh5 Be8 17. Qh6 Na5 18. Nd2 Na4 19. Nxa4 Bxa4 20. Qe3
Bd7 21. Be2 f6 22. exf6 Qxf6 23. f4 Rf8 24. Rf1 Nc6 25. Nb3 a6 26. c3 Ne7 27.
Bd3 Ng6 28. Bxg6 Qxg6 29. Nc5 b6 30. Nd3 Qg2 31. Rg1 Qh2 32. Re1 Rh8 33. Ne5
Rh3 34. Qd2 Qg3 35. Nxd7 Kxd7 36. Re2 Rh1+ 37. Kc2 Rf1 38. Rg2 Qxf4 39. Qxf4
Rxf4 40. Rh2 Rf5 41. Rg2 e5 42. dxe5 Rxe5 43. Rh2 Kd6 44. Kd3 c5 45. Rh6+ Re6
46. Rh5 b5 47. Rg5 c4+ 48. Kd2 a5 49. Rg8 Kc5 50. a3 d4 51. Rg5+ Kc6 52. cxd4
Rh6 53. Rg3 Rh1 54. Kc2 b4 55. axb4 axb4 56. Rg5 Rh2+ 57. Kc1 c3 58. bxc3 bxc3
59. Rc5+ 1/2-1/2

[Event "Open Ricany 2012"]
[Site "http://www.openricany.cz/"]
[Date "2012.08.26"]
[Round "1.16"]
[White "Tvrdy, Jindrich"]
[Black "Kratochvil, Jakub"]
[Result "1/2-1/2"]
[WhiteElo "1908"]
[BlackElo "2152"]
[PlyCount "107"]
[EventDate "2012.??.??"]

1. e4 e5 2. Nc3 Nf6 3. Bc4 Nc6 4. d3 Bc5 5. f4 d6 6. Nf3 Bg4 7. Na4 O-O 8. Nxc5
dxc5 9. c3 Qd6 10. h3 Be6 11. Bxe6 Qxe6 12. Qb3 Qd6 13. fxe5 Nxe5 14. Nxe5 Qxe5
15. O-O Rad8 16. Bf4 Qh5 17. Qd1 Qg6 18. Qf3 Rd7 19. Be5 Rfd8 20. Bxf6 Qxf6 21.
Qxf6 gxf6 22. Rxf6 Rxd3 23. Raf1 R8d7 24. R6f3 Kf8 25. R1f2 Rd1+ 26. Rf1 Rxf1+
27. Rxf1 Ke7 28. Rf2 Rd1+ 29. Rf1 Rd6 30. Rf2 Ke6 31. Kf1 Rd7 32. Ke2 c4 33.
Rf1 f6 34. Rf5 Rg7 35. Kf3 Rg5 36. Rxg5 fxg5 37. Kg4 Ke5 38. Kxg5 Kxe4 39. Kh6
Kd3 40. Kxh7 b5 41. g4 b4 42. g5 Kc2 43. g6 Kxb2 44. g7 bxc3 45. g8=Q c2 46.
Qxc4 c1=Q 47. Qxc1+ Kxc1 48. h4 c5 49. h5 c4 50. h6 c3 51. Kg6 Kd1 52. h7 c2
53. h8=Q c1=Q 54. Qd4+ 1/2-1/2

[Event "Open Ricany 2012"]
[Site "http://www.openricany.cz/"]
[Date "2012.08.26"]
[Round "1.17"]
[White "Sindler, Michal"]
[Black "Kylar, Miroslav"]
[Result "1-0"]
[WhiteElo "2144"]
[BlackElo "1907"]
[PlyCount "57"]
[EventDate "2012.??.??"]

1. e4 e5 2. Nf3 Nf6 3. Nxe5 d6 4. Nf3 Nxe4 5. d4 d5 6. Bd3 Nc6 7. O-O Be7 8.
Re1 f5 9. c4 Nb4 10. Bf1 O-O 11. a3 Nc6 12. cxd5 Qxd5 13. Nc3 Nxc3 14. bxc3 Bf6
15. Bf4 Qf7 16. Qa4 Kh8 17. Bc4 Qd7 18. Bb5 a6 19. Bxc6 bxc6 20. Qa5 Bd8 21. c4
Rb8 22. Qc5 Kg8 23. Ne5 Qd6 24. Qxc6 Qxd4 25. Rad1 Qxf4 26. Qd5+ Kh8 27. Nf7+
Kg8 28. Nh6+ Kh8 29. Qg8+ 1-0

[Event "Open Ricany 2012"]
[Site "http://www.openricany.cz/"]
[Date "2012.08.26"]
[Round "1.18"]
[White "Danilov, Viacheslav"]
[Black "Postupa, Pavel"]
[Result "1-0"]
[WhiteElo "1900"]
[BlackElo "2141"]
[PlyCount "113"]
[EventDate "2012.??.??"]

1. e4 c5 2. Nf3 d6 3. d4 cxd4 4. Nxd4 Nf6 5. Nc3 a6 6. f3 e5 7. Nb3 Be6 8. Be3
Be7 9. Qd2 O-O 10. O-O-O Qc7 11. g4 Rc8 12. Bd3 d5 13. exd5 Nxd5 14. Nxd5 Bxd5
15. Qf2 Be6 16. Bb6 Bg5+ 17. Kb1 Qe7 18. Bc5 Qe8 19. Bd6 Nc6 20. c3 Be7 21. Be4
Bxd6 22. Rxd6 Qe7 23. Rhd1 Rab8 24. Qb6 Rd8 25. Rxd8+ Rxd8 26. Rxd8+ Qxd8 27.
Qxd8+ Nxd8 28. Nc5 Bc8 29. h4 g6 30. Kc2 Kg7 31. Bd5 h6 32. Ne4 Be6 33. c4 f5
34. Nc5 Bxd5 35. cxd5 e4 36. fxe4 fxg4 37. Kd2 h5 38. e5 Nf7 39. Nd7 g5 40.
hxg5 Kg6 41. e6 Nd6 42. Ne5+ Kf5 43. Nf7 Ne8 44. Ke3 h4 45. Kf2 a5 46. a4 b6
47. b3 Ng7 48. e7 Ne8 49. d6 Ke6 50. g6 Ng7 51. Nh6 Kd7 52. Kg2 h3+ 53. Kh2 Ke8
54. Nxg4 Nh5 55. Kxh3 Nf4+ 56. Kg3 Nxg6 57. Nf6+ 1-0

[Event "Open Ricany 2012"]
[Site "http://www.openricany.cz/"]
[Date "2012.08.26"]
[Round "1.19"]
[White "Vanka, Miloslav"]
[Black "Koller, Martin"]
[Result "1-0"]
[WhiteElo "2129"]
[BlackElo "1900"]
[PlyCount "75"]
[EventDate "2012.??.??"]

1. e4 e5 2. Bc4 Nf6 3. d3 c6 4. Nf3 d5 5. Bb3 Bd6 6. Nc3 d4 7. Ne2 O-O 8. Ng3
Be6 9. c3 Qb6 10. O-O c5 11. Bxe6 fxe6 12. cxd4 cxd4 13. Nd2 Bc7 14. Nc4 Qc5
15. a4 Nbd7 16. b4 Qe7 17. Ba3 Qf7 18. Rc1 Rfc8 19. b5 h5 20. f3 Qg6 21. Ne2
Nb6 22. Qb3 Nfd7 23. Kh1 Kh7 24. Rc2 Bd8 25. f4 Nxc4 26. Rxc4 Qg4 27. Rxc8 Rxc8
28. Qd1 Ba5 29. Bd6 exf4 30. h3 Qh4 31. Nxf4 Nf6 32. Be7 e5 33. Bxf6 gxf6 34.
Nxh5 Bd8 35. Qf3 Qg5 36. Nxf6+ Bxf6 37. Qxf6 Qxf6 38. Rxf6 1-0

[Event "Open Ricany 2012"]
[Site "http://www.openricany.cz/"]
[Date "2012.08.26"]
[Round "1.21"]
[White "Moravec, Vit"]
[Black "Paukert, Jan"]
[Result "1-0"]
[WhiteElo "2115"]
[BlackElo "1896"]
[PlyCount "53"]
[EventDate "2012.??.??"]

1. e4 e5 2. f4 d5 3. exd5 c6 4. Nc3 Nf6 5. fxe5 Nxd5 6. Nf3 Bg4 7. Ne4 Be7 8.
d4 O-O 9. Be2 Bf5 10. Ng3 Bg6 11. Bd3 Bxd3 12. Qxd3 c5 13. dxc5 Bxc5 14. Ng5 g6
15. N5e4 Be7 16. Bh6 Qa5+ 17. Bd2 Nb4 18. Bxb4 Qxb4+ 19. c3 Qxb2 20. O-O Qb6+
21. Kh1 Nc6 22. Nf6+ Bxf6 23. exf6 h6 24. Nf5 Kh7 25. Nxh6 Rad8 26. Qh3 Rd5 27.
Nf5+ 1-0

[Event "Open Ricany 2012"]
[Site "http://www.openricany.cz/"]
[Date "2012.08.26"]
[Round "1.22"]
[White "Lacha, Jan"]
[Black "Vesecky, Martin"]
[Result "1/2-1/2"]
[WhiteElo "1891"]
[BlackElo "2114"]
[PlyCount "39"]
[EventDate "2012.??.??"]

1. e4 c5 2. Nc3 Nc6 3. g3 g6 4. Bg2 Bg7 5. d3 e6 6. f4 d6 7. Nf3 Nge7 8. Be3
Nd4 9. O-O O-O 10. Bf2 Nec6 11. e5 dxe5 12. Nxe5 Nxe5 13. fxe5 Bxe5 14. Ne4 f5
15. Nxc5 Qd6 16. b4 a5 17. c3 Nb5 18. d4 Bg7 19. Qd3 Na3 20. bxa5 1/2-1/2

[Event "Open Ricany 2012"]
[Site "http://www.openricany.cz/"]
[Date "2012.08.26"]
[Round "1.23"]
[White "Skacel, Jan"]
[Black "Havelka, Petr"]
[Result "1/2-1/2"]
[WhiteElo "2105"]
[BlackElo "1889"]
[PlyCount "55"]
[EventDate "2012.??.??"]

1. d4 d5 2. c4 e6 3. Nc3 Nf6 4. Nf3 Be7 5. Bg5 Nbd7 6. Qc2 O-O 7. cxd5 exd5 8.
e3 c6 9. Bd3 h6 10. Bh4 Re8 11. O-O Ne4 12. Bg3 Nxg3 13. hxg3 Bd6 14. Rfe1 Nf6
15. Nh4 Bb4 16. a3 Bxc3 17. bxc3 Be6 18. Nf3 Ng4 19. e4 dxe4 20. Rxe4 Nf6 21.
Ree1 Ng4 22. Bh7+ Kh8 23. Bf5 Qf6 24. Bxe6 Rxe6 25. Rxe6 Qxe6 26. Re1 Qd7 27.
Qe4 Nf6 28. Qe7 1/2-1/2

[Event "Open Ricany 2012"]
[Site "http://www.openricany.cz/"]
[Date "2012.08.26"]
[Round "1.24"]
[White "Marikova, Jana"]
[Black "Koys, Milan"]
[Result "1-0"]
[WhiteElo "1887"]
[BlackElo "2104"]
[PlyCount "57"]
[EventDate "2012.??.??"]

1. d4 Nf6 2. c4 c5 3. d5 e5 4. Nc3 d6 5. e4 Be7 6. Nf3 Nbd7 7. Be2 Nf8 8. O-O
Ng6 9. Ne1 Nf4 10. Bxf4 exf4 11. Nd3 g5 12. e5 dxe5 13. Nxe5 h5 14. Re1 Kf8 15.
Bd3 Ng4 16. Qe2 Bf6 17. Nf3 Bxc3 18. bxc3 Qf6 19. Rad1 Bd7 20. h3 Re8 21. Qb2
Ne3 22. fxe3 g4 23. Nh2 gxh3 24. exf4 Rxe1+ 25. Rxe1 Rg8 26. Re2 Qxf4 27. Qd2
Qh4 28. Qh6+ Rg7 29. Qd6+ 1-0

[Event "Open Ricany 2012"]
[Site "http://www.openricany.cz/"]
[Date "2012.08.26"]
[Round "1.25"]
[White "Pospisil, Martin"]
[Black "Halla, Jiri"]
[Result "1-0"]
[WhiteElo "2084"]
[BlackElo "1885"]
[PlyCount "51"]
[EventDate "2012.??.??"]

1. d4 Nf6 2. Nf3 g6 3. Nc3 d5 4. Bf4 c6 5. Qd2 Bg7 6. Bh6 O-O 7. h4 Bxh6 8.
Qxh6 Ng4 9. Qd2 h5 10. Ng5 Qd6 11. e4 f6 12. Nh3 Kg7 13. O-O-O Be6 14. f3 Nh6
15. Nf4 Nd7 16. Bd3 Bf7 17. exd5 cxd5 18. g4 e5 19. dxe5 fxe5 20. Nfxd5 Bxd5
21. Be4 hxg4 22. fxg4 Nxg4 23. Qg5 Qb6 24. Nxd5 Qe6 25. Nc7 Qf6 26. Rxd7+ 1-0

[Event "Open Ricany 2012"]
[Site "http://www.openricany.cz/"]
[Date "2012.08.26"]
[Round "1.26"]
[White "Vitek, Jan"]
[Black "Pospisil, Evzen"]
[Result "0-1"]
[WhiteElo "1882"]
[BlackElo "2083"]
[PlyCount "86"]
[EventDate "2012.??.??"]

1. c4 Nf6 2. Nc3 d5 3. cxd5 Nxd5 4. g3 c6 5. Nf3 g6 6. Bg2 Bg7 7. Nxd5 cxd5 8.
d4 O-O 9. O-O Nc6 10. e3 b6 11. Bd2 Bf5 12. Bc3 Qd7 13. Re1 Be4 14. Nd2 Bxg2
15. Kxg2 b5 16. b4 Rfc8 17. Nb3 e5 18. Nc5 Qd6 19. dxe5 Bxe5 20. Bxe5 {(=)}
Qxe5 21. Qd2 a5 22. Nd3 Qd6 23. a3 d4 24. Nc5 Qd5+ 25. e4 Qd6 26. f4 {(=)} axb4
27. axb4 Rxa1 28. Rxa1 Nxb4 29. Qxb4 Rxc5 30. Qd2 Rc4 31. Qd3 Qb4 32. Ra8+ Kg7
33. f5 Qc3 34. Ra3 Qxd3 35. Rxd3 Kf6 36. fxg6 fxg6 37. Rf3+ Ke5 38. Rf7 Kxe4
39. Rxh7 d3 40. Re7+ Kd4 41. Kf1 Kc3 42. Ke1 Kc2 43. Rd7 Re4+ 0-1

[Event "Open Ricany 2012"]
[Site "http://www.openricany.cz/"]
[Date "2012.08.26"]
[Round "1.27"]
[White "Zvara, David"]
[Black "Rezac, Jindrich"]
[Result "1-0"]
[WhiteElo "2100"]
[BlackElo "1874"]
[PlyCount "121"]
[EventDate "2012.??.??"]

1. e4 c5 2. Nf3 Nc6 3. Bb5 e6 4. O-O a6 5. Bxc6 bxc6 6. c3 d5 7. Re1 Ne7 8. d4
Ng6 9. Qa4 Bd7 10. Qd1 cxd4 11. Qxd4 c5 12. Qe3 Bc6 13. exd5 Qxd5 14. b3 Be7
15. c4 Qf5 16. Nbd2 Bf6 17. Rb1 Nf4 18. Ne4 Bxe4 19. Qxe4 Qxe4 20. Rxe4 Ng6 21.
Ba3 Rc8 22. Rd1 Rc6 23. Re3 O-O 24. Red3 Ne5 25. Nxe5 Bxe5 26. Rd8 g6 27. Kf1
Rxd8 28. Rxd8+ Kg7 29. h3 Kf6 30. Ke2 Bd4 31. Rd7 e5 32. g4 Ke6 33. Rd8 f5 34.
Rh8 fxg4 35. hxg4 Rc7 36. Ra8 Rc6 37. Ra7 h5 38. gxh5 gxh5 39. Rh7 Kf5 40.
Rxh5+ Kg4 41. Rh8 Rf6 42. f3+ Kg3 43. Rg8+ Kf4 44. Rc8 Rg6 45. Rf8+ Kg3 46. Bc1
Kh2 47. Rh8+ Kg1 48. Be3+ Kg2 49. Rh5 Re6 50. Rg5+ Kh3 51. Kd3 Kh4 52. Rf5 Kg3
53. Ke4 a5 54. Rg5+ Kh4 55. Rg8 a4 56. bxa4 Ra6 57. Bxd4 exd4 58. Kd5 d3 59.
Kxc5 Rxa4 60. Rd8 Ra3 61. Kb4 1-0

[Event "Open Ricany 2012"]
[Site "http://www.openricany.cz/"]
[Date "2012.08.26"]
[Round "1.28"]
[White "Cizek, Ondrej"]
[Black "Volek, Radomir"]
[Result "0-1"]
[WhiteElo "1869"]
[BlackElo "2057"]
[PlyCount "74"]
[EventDate "2012.??.??"]

1. e4 e5 2. Nf3 Nc6 3. d4 exd4 4. Nxd4 Bc5 5. Nf5 Qf6 6. Nc3 Nge7 7. Ne3 d6 8.
Bd3 Ne5 9. O-O c6 10. f4 Ng4 11. Qf3 Bd4 12. Ncd1 O-O 13. c3 Bb6 14. Kh1 Qh4
15. h3 Nxe3 16. Nxe3 f5 17. exf5 Bxf5 18. Nxf5 Nxf5 19. Bxf5 Rxf5 20. Bd2 Raf8
21. g4 R5f7 22. Rae1 d5 23. Qd3 Bc7 24. Kg2 Bxf4 25. Bxf4 Rxf4 26. Rxf4 Rxf4
27. Re8+ Kf7 28. Qe3 Qf2+ 29. Qxf2 Rxf2+ 30. Kxf2 Kxe8 31. Ke3 Ke7 32. Kd4 Kd6
33. b3 c5+ 34. Kd3 Ke5 35. Ke3 g5 36. b4 cxb4 37. cxb4 b5 0-1

[Event "Open Ricany 2012"]
[Site "http://www.openricany.cz/"]
[Date "2012.08.26"]
[Round "1.29"]
[White "Kovar, Josef"]
[Black "Hlina, Miloslav"]
[Result "1-0"]
[WhiteElo "2051"]
[BlackElo "1857"]
[PlyCount "55"]
[EventDate "2012.??.??"]

1. Nf3 d5 2. g3 Nf6 3. Bg2 c5 4. c4 e6 5. O-O Bd6 6. cxd5 exd5 7. d4 c4 8. Nc3
Nbd7 9. b3 Qa5 10. Bd2 Bb4 11. Qc2 b5 12. bxc4 bxc4 13. Nxd5 Nxd5 14. Bxb4 Qxb4
15. Qe4+ Qe7 16. Qxd5 Nb6 17. Qe5 Bb7 18. a4 Bxf3 19. Qb5+ Qd7 20. Bxf3 Rc8 21.
Qe5+ Kf8 22. a5 Na4 23. Rfb1 c3 24. Rb7 Qe6 25. Qf4 c2 26. d5 Qf6 27. Qb4+ Kg8
28. Rc1 1-0

[Event "Open Ricany 2012"]
[Site "http://www.openricany.cz/"]
[Date "2012.08.26"]
[Round "1.30"]
[White "Eisner, Oldrich"]
[Black "Starek, Stanislav"]
[Result "1/2-1/2"]
[WhiteElo "1833"]
[BlackElo "2052"]
[PlyCount "50"]
[EventDate "2012.??.??"]

1. d4 d5 2. Nf3 Nf6 3. c4 e6 4. Nbd2 c6 5. g3 Bb4 6. Qc2 O-O 7. Bg2 Nbd7 8. O-O
Re8 9. e4 dxe4 10. Nxe4 Nxe4 11. Qxe4 Nf6 12. Qe2 Qc7 13. Bf4 Bd6 14. Bxd6 Qxd6
15. Rfd1 b6 16. Ne5 Bb7 17. Rac1 Rac8 18. c5 Qc7 19. Nc4 Re7 20. Qf3 Rd8 21. a3
Nd5 22. Nd6 Rxd6 23. cxd6 Qxd6 24. b4 Kf8 25. Qb3 Ba6 1/2-1/2

[Event "Open Ricany 2012"]
[Site "http://www.openricany.cz/"]
[Date "2012.08.26"]
[Round "1.31"]
[White "Groh, Jiri"]
[Black "Filip, Vojtech"]
[Result "1-0"]
[WhiteElo "2049"]
[BlackElo "1832"]
[PlyCount "49"]
[EventDate "2012.??.??"]

1. c4 e6 2. Nf3 d5 3. d4 Nf6 4. Bg5 Be7 5. e3 c6 6. Be2 O-O 7. O-O Nbd7 8. Nc3
a6 9. a4 dxc4 10. Bxc4 Nd5 11. Bxe7 Qxe7 12. e4 Nxc3 13. bxc3 e5 14. Qc2 Re8
15. Rfe1 exd4 16. cxd4 Nf6 17. Ng5 Kf8 18. Bxf7 Rd8 19. e5 Nd5 20. Bxd5 Rxd5
21. Nxh7+ Kg8 22. Qg6 Rxd4 23. Ng5 Rh4 24. e6 Qf6 25. Qf7+ 1-0

[Event "Open Ricany 2012"]
[Site "http://www.openricany.cz/"]
[Date "2012.08.26"]
[Round "1.32"]
[White "Kyselka, Daniel"]
[Black "Mrna, Vladimir"]
[Result "0-1"]
[WhiteElo "1830"]
[BlackElo "2045"]
[PlyCount "48"]
[EventDate "2012.??.??"]

1. Nf3 c5 2. g3 b5 3. Bg2 Bb7 4. d3 g6 5. e4 Bg7 6. O-O e5 7. Be3 Qc7 8. a4 a6
9. Nc3 b4 10. Ne2 Ne7 11. Qd2 O-O 12. Bh6 Nbc6 13. Bxg7 Kxg7 14. Nh4 f6 15. f4
d6 16. Bh3 a5 17. g4 Nd4 18. Ng3 Bc8 19. fxe5 dxe5 20. Rf2 Ne6 21. Nhf5+ gxf5
22. Nh5+ Kh8 23. exf5 Nf4 24. Bg2 Bb7 0-1

[Event "Open Ricany 2012"]
[Site "http://www.openricany.cz/"]
[Date "2012.08.26"]
[Round "1.33"]
[White "Voracek, Zdenek"]
[Black "Suchy, Ladislav"]
[Result "1-0"]
[WhiteElo "2045"]
[BlackElo "1809"]
[PlyCount "45"]
[EventDate "2012.??.??"]

1. d4 Nf6 2. c4 e5 3. dxe5 Ng4 4. e4 Nxe5 5. f4 Ng6 6. Be3 Bb4+ 7. Nd2 Qe7 8.
a3 Bxd2+ 9. Qxd2 O-O 10. Bd3 Re8 11. Nf3 f5 12. e5 d6 13. O-O dxe5 14. fxe5 Nc6
15. Rae1 Be6 16. Qc3 Rad8 17. b4 Rd7 18. Bc2 h6 19. b5 Nd8 20. Nd4 Rf8 21. Nxf5
Qe8 22. Bc5 Rff7 23. Qg3 1-0